The Nāṭya Śāstra
| Main Author: | |
|---|---|
| Contributors: | |
| Format: | Print Book |
| Language: | English |
| Subito Delivery Service: | Order now. |
| Check availability: | HBZ Gateway |
| WorldCat: | WorldCat |
| Interlibrary Loan: | Interlibrary Loan for the Fachinformationsdienste (Specialized Information Services in Germany) |
| Published: |
Delhi
Sri Satguru Publ.
[ca.1987]
|
| In: |
Rāga nṛtya series (2)
Year: 1987 |
| Series/Journal: | Rāga nṛtya series
2 |
| Standardized Subjects / Keyword chains: | B
Sanskrit language
/ Theory of drama
/ Bharata, Nāṭyaśāstra
B India / Dance / History 100-300 B India / Dramaturgy / History 100-300 B India / Theory of drama / History 100-300 B India / Performing arts / History 100-300 |
| Further subjects: | B
Spring
|
MARC
| LEADER | 00000cam a2200000 c 4500 | ||
|---|---|---|---|
| 001 | 018748317 | ||
| 003 | DE-627 | ||
| 005 | 20240415233642.0 | ||
| 007 | tu | ||
| 008 | 890912s1987 ii ||||| 00| ||eng c | ||
| 020 | |a 8170301343 |9 81-7030-134-3 | ||
| 035 | |a (DE-627)018748317 | ||
| 035 | |a (DE-576)014982897 | ||
| 035 | |a (DE-599)GBV018748317 | ||
| 035 | |a (OCoLC)243715939 | ||
| 035 | |a (OCoLC)19381204 | ||
| 035 | |a (DE-604)8047918462 | ||
| 040 | |a DE-627 |b ger |c DE-627 |e rakwb | ||
| 041 | |a eng | ||
| 044 | |c XB-IN | ||
| 084 | |a 0 |2 ssgn | ||
| 084 | |a 18.67 |2 bkl | ||
| 084 | |a 17.82 |2 bkl | ||
| 100 | 0 | |0 (DE-588)119187655 |0 (DE-627)079984673 |0 (DE-576)164722793 |4 aut |a Bharata |d ca. 2. Jh. | |
| 109 | |a Bharata ca. 2. Jh. |a Bharatamuni ca. 2. Jh. |a Pharatamunī ca. 2. Jh. |a Bharata-muni ca. 2. Jh. |a Bharata Muni ca. 2. Jh. |a Bharat Muni ca. 2. Jh. |a Pharata Munī ca. 2. Jh. | ||
| 240 | 1 | 0 | |a Nāṭyaśāstra <engl> |
| 242 | 1 | 0 | |a Lehrbuch der ind. Dramatik |y eng |
| 245 | 1 | 4 | |a The Nāṭya Śāstra |c of Bharatamuni [Bharata]. Translated into English by a board of scholars |
| 264 | 1 | |a Delhi |b Sri Satguru Publ. |c [ca.1987] | |
| 300 | |a XXIV, 547 S | ||
| 336 | |a Text |b txt |2 rdacontent | ||
| 337 | |a ohne Hilfsmittel zu benutzen |b n |2 rdamedia | ||
| 338 | |a Band |b nc |2 rdacarrier | ||
| 490 | 1 | |a Rāga nṛtya series |v 2 | |
| 500 | |a Aus d. Sanskrit übers | ||
| 583 | 1 | |a Massenentsäuert |c 2009 |k DE-18 |2 pdager |5 DE-18-303 | |
| 583 | 1 | |a Archivierung prüfen |c 20200919 |f DE-640 |z 2 |2 pdager | |
| 583 | 1 | |a Archivierung/Langzeitarchivierung gewährleistet |f SSG |x XA-DE-BW |2 pdager |5 DE-21 | |
| 583 | 1 | |a Archivierung prüfen |c 20240324 |f DE-4165 |z 1 |2 pdager | |
| 655 | 7 | |a Quelle |0 (DE-588)4135952-5 |0 (DE-627)105661236 |0 (DE-576)209665084 |2 gnd-content | |
| 689 | 0 | 0 | |d s |0 (DE-588)4051642-8 |0 (DE-627)106175920 |0 (DE-576)209094451 |2 gnd |a Sanskrit |
| 689 | 0 | 1 | |d s |0 (DE-588)4070570-5 |0 (DE-627)106099701 |0 (DE-576)209181486 |2 gnd |a Dramentheorie |
| 689 | 0 | 2 | |d u |0 (DE-588)4354943-3 |0 (DE-627)181262258 |0 (DE-576)211446793 |a Bharata |2 gnd |t Nāṭyaśāstra |
| 689 | 0 | |5 DE-101 | |
| 689 | 1 | 0 | |d g |0 (DE-588)4026722-2 |0 (DE-627)104585129 |0 (DE-576)208967699 |2 gnd |a Indien |
| 689 | 1 | 1 | |d s |0 (DE-588)4059028-8 |0 (DE-627)106144979 |0 (DE-576)209129018 |2 gnd |a Tanz |
| 689 | 1 | 2 | |q z |2 gnd |a Geschichte 100-300 |
| 689 | 1 | |5 (DE-627) | |
| 689 | 2 | 0 | |d g |0 (DE-588)4026722-2 |0 (DE-627)104585129 |0 (DE-576)208967699 |2 gnd |a Indien |
| 689 | 2 | 1 | |d s |0 (DE-588)4124796-6 |0 (DE-627)105744921 |0 (DE-576)209571179 |2 gnd |a Dramaturgie |
| 689 | 2 | 2 | |q z |2 gnd |a Geschichte 100-300 |
| 689 | 2 | |5 (DE-627) | |
| 689 | 3 | 0 | |d g |0 (DE-588)4026722-2 |0 (DE-627)104585129 |0 (DE-576)208967699 |2 gnd |a Indien |
| 689 | 3 | 1 | |d s |0 (DE-588)4070570-5 |0 (DE-627)106099701 |0 (DE-576)209181486 |2 gnd |a Dramentheorie |
| 689 | 3 | 2 | |q z |2 gnd |a Geschichte 100-300 |
| 689 | 3 | |5 (DE-627) | |
| 689 | 4 | 0 | |d g |0 (DE-588)4026722-2 |0 (DE-627)104585129 |0 (DE-576)208967699 |2 gnd |a Indien |
| 689 | 4 | 1 | |d s |0 (DE-588)4129566-3 |0 (DE-627)105708968 |0 (DE-576)20961160X |2 gnd |a Darstellende Kunst |
| 689 | 4 | 2 | |q z |2 gnd |a Geschichte 100-300 |
| 689 | 4 | |5 (DE-627) | |
| 700 | 0 | 2 | |a Bharata |t Nāṭyaśāstra <engl> |
| 700 | 0 | 2 | |a Bharata |t Nāṭyaśāstra <engl.> |
| 830 | 0 | |a Rāga nṛtya series |v 2 |9 2 |w (DE-627)521187796 |w (DE-576)01498279X |w (DE-600)2263217-7 |7 am | |
| 889 | |w (DE-627)274645548 | ||
| 935 | |i mdedup | ||
| 935 | |i Blocktest | ||
| 936 | b | k | |a 18.67 |j Sanskrit: Sprache und Literatur |0 (DE-627)106423142 |
| 936 | b | k | |a 17.82 |j Dramatik |0 (DE-627)181571684 |
| 951 | |a BO | ||
| ELC | |b 1 | ||
| ITA | |a 1 |t 1 | ||
| LOK | |0 000 xxxxxcx a22 zn 4500 | ||
| LOK | |0 001 3297864958 | ||
| LOK | |0 003 DE-627 | ||
| LOK | |0 004 018748317 | ||
| LOK | |0 005 19880810000000 | ||
| LOK | |0 008 880810||||||||||||||||ger||||||| | ||
| LOK | |0 040 |a DE-21 |c DE-627 |d DE-21 | ||
| LOK | |0 852 |a DE-21 | ||
| LOK | |0 852 1 |c 28 A 9425 |9 00 | ||
| LOK | |0 935 |a sued | ||
| LOK | |0 939 |a 10-08-88 |b l01 | ||
| ORI | |a SA-MARC-ixtheoa001.raw | ||
| REF | |a Kunstgeschichte | ||
| REL | |a 1 | ||
| STA | 0 | 0 | |a Dance,Dance,Dance in art,Dramaturgy,India,India,India,India,India,India,India,India,Southern India,Northeastern India,Northwestern India,Southeastern India,Northern India,Western India,Performing arts,Sanskrit language,Theory of drama |
| STB | 0 | 0 | |a Arts du spectacle,Danse,Danse,Dramaturgie,Inde,Sanskrit,Théorie théâtrale |
| STC | 0 | 0 | |a Arte performativa,Danza,Danza,Dramaturgia,India,Sánscrito,Teoría dramatúrgica |
| STD | 0 | 0 | |a Arti performative,Danza,Danza,Drammaturgia,India,Sanscrito,Teoria drammaturgica |
| STE | 0 | 0 | |a 印度,戏剧学,编剧研究,舞蹈,舞蹈 |
| STF | 0 | 0 | |a 印度,戲劇學,編劇研究,梵语会话手册,舞蹈,舞蹈,表演艺术 |
| STG | 0 | 0 | |a Arte performativa,Dança,Dança,Dramaturgia,Sânscrito,Teoria dramatúrgica,Índia |
| STH | 0 | 0 | |a Драматургия,Индия (мотив),Санскрит,Сценическое искусство,Танец (мотив),Танец,Теория драмы |
| STI | 0 | 0 | |a Δραματουργία,Δραματουργική θεωρία,Ινδία (μοτίβο),Παραστατικές τέχνες,Σανσκριτική γλώσσα,Χορός (μοτίβο),Χορός |
| SUB | |a REL | ||
| SYG | 0 | 0 | |a Drama,Drama,Dramatische Form,Dramaturgie , India , Bharat,Indische Union,Altindien,Hindustan,Hindostan,Indien,Indie,Indian Union,Bhārata Gaṇarājya,Bhārata,Indien,Republik Indien,Indien,Dominion of India,India,Republic of India,Inde,Indië,Bharata,Indiia,Indland,Hindiston Respublikasi,Satharanarat 'India,Yin-tu , Tanzkunst,Tanzkultur,Tanzen,Tänze,Dance,Dancing , India , Bharat,Indische Union,Altindien,Hindustan,Hindostan,Indien,Indie,Indian Union,Bhārata Gaṇarājya,Bhārata,Indien,Republik Indien,Indien,Dominion of India,India,Republic of India,Inde,Indië,Bharata,Indiia,Indland,Hindiston Respublikasi,Satharanarat 'India,Yin-tu , India , Bharat,Indische Union,Altindien,Hindustan,Hindostan,Indien,Indie,Indian Union,Bhārata Gaṇarājya,Bhārata,Indien,Republik Indien,Indien,Dominion of India,India,Republic of India,Inde,Indië,Bharata,Indiia,Indland,Hindiston Respublikasi,Satharanarat 'India,Yin-tu , Drama,Drama,Dramatische Form,Dramaturgie , India , Bharat,Indische Union,Altindien,Hindustan,Hindostan,Indien,Indie,Indian Union,Bhārata Gaṇarājya,Bhārata,Indien,Republik Indien,Indien,Dominion of India,India,Republic of India,Inde,Indië,Bharata,Indiia,Indland,Hindiston Respublikasi,Satharanarat 'India,Yin-tu , Darstellungskunst |
| TIM | |a 100001000101_100003001231 |b Geschichte 100-300 | ||



